| 000 | 00496 a2200133 4500 | ||
|---|---|---|---|
| 001 | 91426 | ||
| 082 | _aPR 1324 | ||
| 090 |
_c43558 _d43557 |
||
| 100 | _aHaider Ali; Prof Mudassar Mushtaq and Shahzad Arshad (Advisors) | ||
| 245 |
_aIntegration of Commercially Available GPIB Controlled Programmable Power Supply with Automated Analogue Modules Test Set for Depot Level Testing of GRIFO Radar _n72 "B" EC |
||
| 260 |
_aRawalpindi _bNUST _c2012 |
||
| 300 | _axi, 52p | ||
| 500 | _aBE Project Reports | ||
| 942 |
_aCAE NUST _kPR 1324 |
||
| 999 |
_c326499 _d326499 |
||